| 000 | 00974nam a22003257a 4500 | ||
|---|---|---|---|
| 001 | 0000925 | ||
| 003 | KOHA_MİRAKIL | ||
| 005 | 20260207001224.0 | ||
| 007 | ta | ||
| 008 | 081212b2004 tu |||gr||||#||||0|tur | | ||
| 020 |
_a9752954138 _cYTL46,69 |
||
| 040 |
_aTR-BiSEU _btur _cTR-BiSEU _erda |
||
| 041 | 0 | _atur | |
| 044 | _ctu | ||
| 050 |
_aQA297 _b.U97 2004 |
||
| 100 | 1 | _aUysal, Mithat. | |
| 245 | 1 |
_aMATLAB ile matematiksel uygulamaları ve mühendislik uygulamaları/ _cMithat Uysal ; Mithat Uysal. |
|
| 264 | 1 |
_aİstanbul : _bBeta Yayınları _c2004 |
|
| 300 | _a697 sayfa | ||
| 336 |
_ametin _btxt _2rdacontent |
||
| 337 |
_aaracısız _bn _2rdamedia |
||
| 338 |
_acilt _bnc _2rdacarrier |
||
| 490 | 1 |
_aYayın no ; _v1527. |
|
| 490 | 1 |
_aBilgisayar dizisi ; _v247. |
|
| 650 | 0 |
_aMatlab. _92533 |
|
| 650 | 0 |
_aSayısal çözümleme--Bilgi işlem. _92534 |
|
| 830 | 1 |
_aYayın no ; _v1527. _91619 |
|
| 830 | 1 |
_aBilgisayar dizisi ; _v247. _92723 |
|
| 942 |
_2lcc _cBK |
||
| 999 |
_c920 _d920 |
||